[Event "Brunei IM1 2011"]
[Site "Bandar Seri Begawan BRU"]
[Date "2011.03.01"]
[Round "5"]
[White "Hj,Azahari Md Aliuddin"]
[Black "Yap,K"]
[Result "0-1"]
[WhiteElo "2061"]
[BlackElo "2395"]

1.e4 g6 2.d4 Bg7 3.Nc3 d6 4.Nf3 a6 5.a4 Nf6 6.h3 O-O 7.Be3 Nbd7 8.Be2 e5
9.dxe5 dxe5 10.O-O Qe7 11.Qc1 Nc5 12.Bg5 c6 13.Re1 Ne6 14.Bh6 Nd4 15.Bxg7 Kxg7
16.Bd1 Rd8 17.Qe3 h6 18.Na2 Be6 19.c3 Nxf3+ 20.Bxf3 a5 21.Nc1 Rd7 22.Nd3 Bc4
23.Nc5 Rdd8 24.b3 Be6 25.b4 Bc4 26.Red1 b6 27.Nd3 Bxd3 28.Rxd3 Rxd3 29.Qxd3 axb4
30.cxb4 Qxb4 31.Rb1 Qc5 32.Qb3 Rb8 33.Qb2 b5 34.axb5 cxb5 35.Rc1 Qe7 36.Qc3 b4
37.Qb3 h5 38.Rb1 Nd7 39.Be2 Nc5 40.Qe3 Ne6 41.Bc4 Nd4 42.Bd5 Rc8 43.Qd2 Rc3
44.f4 Rc2 45.Qxb4 Qh4 46.Qe1 Nf3+ 47.gxf3 Qxh3  0-1

[Event "27th Open"]
[Site "Cappelle la Grande FRA"]
[Date "2011.03.02"]
[Round "6.60"]
[White "Smith,T"]
[Black "Nguyen,P"]
[Result "1/2-1/2"]
[WhiteElo "2143"]
[BlackElo "2394"]

1.e4 g6 2.d4 Bg7 3.Nc3 d6 4.Be3 a6 5.Qd2 Nd7 6.f3 b5 7.a4 b4 8.Nd1 Rb8 9.Bc4 e6
10.Ne2 Ne7 11.O-O O-O 12.Nf2 d5 13.exd5 exd5 14.Bb3 a5 15.Nd3 Nb6 16.Nc5 Nf5
17.Ng3 Nxe3 18.Qxe3 h5 19.Rfe1 Nd7 20.Nd3 Ba6 21.Reb1 Bxd3 22.Qxd3 Qg5 23.Kh1 Rfd8
24.c4 h4 25.Ne2 h3 26.g3 dxc4 27.Qxc4 Qf6 28.Rf1 Rbc8 29.Nf4 Nb6 30.Qb5 Rxd4
31.Qxa5 c5 32.Rad1 c4 33.Bc2 b3 34.Be4 Rcd8 35.Rxd4 Rxd4 36.Qb4 Bf8 37.Qb5 Rd2
38.a5 Nc8 39.Qxc4 Qxb2 40.Qxc8 Rxh2+ 41.Kg1 Rg2+ 42.Kh1 Rh2+ 43.Kg1 g5 44.Qf5 Rg2+
45.Kh1 Rh2+ 46.Kg1 Rg2+ 47.Kh1  1/2-1/2

[Event "TCh-CAT Div Hon"]
[Site "Barcelona ESP"]
[Date "2011.03.05"]
[Round "6.5"]
[White "Bergez,L"]
[Black "Hernando Rodrigo,Jo"]
[Result "1-0"]
[WhiteElo "2411"]
[BlackElo "2313"]

1.e4 g6 2.d4 Bg7 3.Nc3 d6 4.Bg5 Nc6 5.d5 Nd4 6.Qd2 c5 7.Nd1 Qb6 8.c3 h6 9.Bh4 g5
10.Bg3 f5 11.f3 f4 12.Bf2 e5 13.cxd4 exd4 14.g3 Be5 15.Ne2 fxg3 16.hxg3 Nf6
17.Bg2 Nd7 18.f4 Bf6 19.Bf3 a5 20.Rc1 Qd8 21.Bh5+ Ke7 22.Bg1 b5 23.Nf2 Nb6
24.b3 Qg8 25.Qd3 a4 26.e5  1-0

[Event "ch-NCA 2011"]
[Site "Managua NCA"]
[Date "2011.03.05"]
[Round "1.1"]
[White "Madrigal,M"]
[Black "Davila,C"]
[Result "0-1"]
[WhiteElo "2055"]
[BlackElo "2319"]

1.e4 g6 2.d4 Bg7 3.Nc3 d6 4.Bc4 a6 5.Qf3 e6 6.Nge2 Nc6 7.Be3 b5 8.Bd3 Bb7
9.Qg3 Nb4 10.Nc1 Ne7 11.a3 Nxd3+ 12.Nxd3 O-O 13.O-O Nc6 14.e5 Ne7 15.f4 Nf5
16.Qf2 f6 17.Rad1 fxe5 18.dxe5 Qe8 19.Qe1 Qc6 20.Rf2 a5 21.Rfd2 Qc4 22.Bf2 b4
23.Nb1 dxe5 24.fxe5 Bh6 25.Re2 Qg4 26.Bg3 Be3+ 27.Nf2 Nxg3 28.Rxe3 Ne2+  0-1

[Event "TCh-SWE Elitserien 2010-11"]
[Site "Sweden SWE"]
[Date "2011.03.11"]
[Round "9"]
[White "Hellers,F"]
[Black "Burwick,M"]
[Result "1-0"]
[WhiteElo "2598"]
[BlackElo "2229"]

1.e4 g6 2.d4 Bg7 3.Nc3 d6 4.Nf3 a6 5.Be2 Nd7 6.O-O b5 7.Re1 Bb7 8.Bf1 c5
9.Bg5 cxd4 10.Nxd4 Ngf6 11.a3 Rc8 12.f3 h6 13.Be3 O-O 14.Qd2 Kh7 15.a4 b4
16.Na2 a5 17.c3 bxc3 18.Nxc3 Nc5 19.Rad1 Nfd7 20.Bb5 Na6 21.Bf2 Nb4 22.f4 Nc5
23.Nf3 Qc7 24.Qe2 Qb8 25.f5 gxf5 26.exf5 Bf6 27.Bd4 e5 28.fxe6 fxe6 29.Bxc5 Rxc5
30.Qxe6 Qc7 31.Kh1 Bxf3 32.gxf3 Be5 33.Rg1 Qf7 34.Qxf7+ Rxf7 35.Be2 Rf4 36.Rg4 Rf8
37.Ne4 Rc2 38.Rd2 Rxd2 39.Nxd2 Bxb2 40.Nc4 Bc3 41.Nxd6 Rd8 42.Nc4 Na2 43.f4 Rd4
44.Ne5 Nb4 45.Bc4 Rd8 46.Kg2 Rf8 47.Nd7 Rd8 48.Be6 Nd5 49.Kf3 Nf6 50.Nxf6+ Bxf6
51.Bf5+ Kh8 52.Rg6 Bc3 53.Rxh6+ Kg7 54.Rg6+ Kf7 55.Rc6 Bb4 56.h4 Rd6 57.Rc7+ Kf6
58.Be4 Re6 59.h5 Re7 60.Rc8 Kg7 61.Rc6 Re8 62.h6+ Kh8 63.Bg6 Rd8 64.Kg4 Be1
65.f5 Bd2 66.Kh5 Kg8 67.Rc7 Be3 68.Bf7+ Kh8 69.Be6 Bf4 70.Ra7  1-0

[Event "TCh-NED"]
[Site "Netherlands NED"]
[Date "2011.03.12"]
[Round "7.9"]
[White "Braun,Christi2"]
[Black "Roobol,M"]
[Result "0-1"]
[WhiteElo "2373"]
[BlackElo "2350"]

1.e4 g6 2.d4 Bg7 3.Nc3 d6 4.Be3 a6 5.Bd3 Nd7 6.Nf3 e6 7.Qd2 h6 8.g4 b5 9.a4 b4
10.Ne2 c5 11.c3 bxc3 12.bxc3 Rb8 13.O-O Ngf6 14.h3 c4 15.Bc2 Bb7 16.Ng3 d5
17.e5 Ne4 18.Qe1 O-O 19.Nxe4 dxe4 20.Nd2 Qh4 21.Kg2 f5 22.exf6 Nxf6 23.f4 exf3+
24.Nxf3 Qxe1 25.Raxe1 g5 26.Bd2 Bd5 27.Bc1 Nd7 28.Kg3 Rf7 29.Ba3 Bf8 30.Bxf8 Rfxf8
31.Rb1 Rxb1 32.Bxb1 Nb6 33.Bc2 Rxf3+ 34.Rxf3 Bxf3 35.Kxf3 Nd5 36.Bd1 Nxc3
37.Be2 Nxa4 38.Bxc4 a5 39.Bxe6+ Kf8 40.Ke4 Ke7 41.Bb3 Nc3+ 42.Ke5 a4 43.Bc4 a3
44.Kf5 a2 45.Bxa2 Nxa2 46.Kg6 Nc3 47.Kxh6 Kf6 48.Kh5 Nd5  0-1

[Event "TCh-NED"]
[Site "Netherlands NED"]
[Date "2011.03.12"]
[Round "7.6"]
[White "Van Delft,M"]
[Black "Wagenaar,R"]
[Result "1/2-1/2"]
[WhiteElo "2384"]
[BlackElo "2183"]

1.e4 g6 2.d4 Bg7 3.Nc3 d6 4.Be3 c6 5.Qd2 b5 6.Bd3 Nd7 7.Nf3 Bb7 8.O-O e5
9.dxe5 dxe5 10.a4 b4 11.Nb1 Qe7 12.a5 a6 13.Ra4 c5 14.c3 Ngf6 15.Qc2 Bc6
16.Ra1 c4 17.Bxc4 Bxe4 18.Qe2 Bb7 19.Re1 O-O 20.Ra4 e4 21.Bd4 bxc3 22.bxc3 Qd6
23.Nfd2 Nc5 24.Rb4 Bc6 25.Rb6 Rfe8 26.Nf1 Nd3 27.Rd1 Nd7 28.Rxa6 Rxa6 29.Bxa6 N7e5
30.Bxe5 Rxe5 31.Bxd3 exd3 32.Rxd3 Qc7 33.Qd1 Rxa5 34.Nbd2 Bf6 35.Nc4 Rc5
36.Nce3 Rxc3 37.Rxc3 Bxc3 38.Nd5 Qe5 39.Nxc3 Qxc3 40.h3 Kg7 41.Ne3 Be4 42.Qe2 Qa1+
43.Kh2 Qe5+ 44.Kg1 h5 45.Nc4 Qd5 46.Qb2+ f6 47.Ne3 Qc5 48.Qd2 Bc6 49.Kh1 Qe5
50.f3 Be8 51.Nc4 Qc5 52.Qe3 Qxc4  1/2-1/2

[Event "TCh-NED"]
[Site "Netherlands NED"]
[Date "2011.03.12"]
[Round "7.6"]
[White "Martens,M"]
[Black "Van der Hoeven,G"]
[Result "1-0"]
[WhiteElo "2431"]
[BlackElo "2271"]

1.e4 g6 2.d4 Bg7 3.Nc3 d6 4.g3 Nf6 5.Bg2 O-O 6.Nge2 e5 7.h3 c6 8.a4 a5 9.O-O Na6
10.Re1 Be6 11.Be3 Nb4 12.f4 Re8 13.Qd2 Bc4 14.Bf2 Bh6 15.b3 Ba6 16.Bf3 d5
17.Rad1 dxe4 18.Nxe4 Nxe4 19.Bxe4 f5 20.Bg2 e4 21.Be3 Bf8 22.Nc1 Nd5 23.c3 Qc7
24.Bf1 c5 25.Bxa6 Rxa6 26.Ne2 c4 27.Rb1 Rae6 28.Kf2 cxb3 29.Rxb3 b6 30.Rb5 Qc4
31.Reb1 h5 32.Qc1 Rc8 33.Qd1 h4 34.g4 Rce8 35.Qc1 Kh7 36.Rxd5 Qxd5 37.c4 Qd7
38.d5 Rd6 39.Nd4 fxg4 40.hxg4 Qxg4 41.Qh1 Bh6 42.Rg1 Qh5 43.Qh3 Rf8 44.Rg4 Rdf6
45.Ne6 g5 46.Ke1 gxf4 47.Rxh4 Qe5 48.Bd4 Qd6 49.c5 bxc5 50.Bxc5 Qxd5 51.Nxf8+ Kg8
52.Qg4+ Kf7 53.Rh5 Qb3 54.Qd7+ Kg8 55.Qh7+  1-0

[Event "TCh-NED"]
[Site "Netherlands NED"]
[Date "2011.03.12"]
[Round "7.4"]
[White "Cuijpers,F"]
[Black "Ree,H"]
[Result "1/2-1/2"]
[WhiteElo "2465"]
[BlackElo "2385"]

1.e4 g6 2.d4 Bg7 3.Nc3 d6 4.f4 Nc6 5.Be3 e6 6.Nf3 b6 7.Bb5 Bd7 8.Qe2 Nce7
9.Bd3 Nf6 10.h3 c5 11.g4 d5 12.e5 c4 13.exf6 Bxf6 14.O-O-O cxd3 15.Qxd3 b5
16.Kb1 b4 17.Ne2 Qb6 18.Nc1 Nc8 19.Ne5 Nd6 20.Nxd7 Kxd7 21.Nb3 a5 22.Rhf1 Qb5
23.Nc5+ Ke7 24.Qd2 Rac8 25.f5 Rxc5 26.dxc5 Ne4 27.Qd3 Qb7 28.fxe6 fxe6 29.Rxf6 Kxf6
30.Bd4+ e5 31.Bxe5+ Kxe5 32.Qd4+ Kf4 33.Qxh8 Nc3+ 34.Kc1 Nxd1 35.Kxd1 Kg3
36.Qe8 Kxh3 37.c6 Qb6 38.Ke2 Kg2 39.Qe6 Qc5 40.Kd3 Qc4+ 41.Kd2 Qd4+ 42.Ke2 Qc4+
43.Kd2 Qd4+ 44.Ke2 Qc4+ 45.Ke1 Qf1+ 46.Kd2 Qf4+ 47.Kd3  1/2-1/2

[Event "Barcelo Lancashire Open"]
[Site "Blackpool ENG"]
[Date "2011.03.13"]
[Round "4"]
[White "Rabbitte,D"]
[Black "Jaunooby,A"]
[Result "0-1"]
[WhiteElo "2006"]
[BlackElo "2157"]

1.e4 g6 2.d4 Bg7 3.Nc3 d6 4.Be3 a6 5.Qd2 b5 6.h4 h5 7.Nh3 Nf6 8.f3 Nbd7 9.e5 b4
10.exf6 bxc3 11.Qxc3 Nxf6 12.Bc4 O-O 13.Ng5 c5 14.dxc5 Ne4 15.Qb3 Qa5+ 16.c3 Nxg5
17.Bxg5 Qxc5 18.O-O-O Ra7 19.Bd5 e6 20.Be4 d5 21.Bd3 Rb7 22.Qc2 Qa5 23.Kd2 d4
24.b3 e5 25.Ke2 dxc3 26.Bc4 Bf5 27.Bd3 e4 28.Bxe4 Re8 29.Kf2 Bxe4 30.fxe4 Rb4
31.Rhe1 Qe5 32.Rd5 Qh2 33.a3 Rb6 34.e5 Bxe5 35.Qe4 Bg3+  0-1

[Event "TCh-FIN 2010-11"]
[Site "Helsinki FIN"]
[Date "2011.03.13"]
[Round "9.8"]
[White "Kivisto,M"]
[Black "Kinnunen,S"]
[Result "1-0"]
[WhiteElo "2265"]
[BlackElo "1961"]

1.e4 g6 2.d4 Bg7 3.Nc3 d6 4.Be3 a6 5.a4 Nd7 6.Nf3 b6 7.Bc4 e6 8.Ng5 Qe7 9.f4 Nh6
10.Qe2 c5 11.O-O-O cxd4 12.Bxd4 e5 13.Nd5 Qd8 14.Bc3 f6 15.Ne6  1-0

[Event "TCh-SWE Elitserien 2010-11"]
[Site "Sweden SWE"]
[Date "2011.03.13"]
[Round "11"]
[White "Johansson,Ja SWE"]
[Black "Gdanski,J"]
[Result "0-1"]
[WhiteElo "2424"]
[BlackElo "2542"]

1.d4 g6 2.e4 Bg7 3.Nc3 d6 4.f4 Nf6 5.Nf3 O-O 6.Bd3 Na6 7.O-O c5 8.d5 Rb8
9.Qe1 Nb4 10.a3 Nxd3 11.cxd3 Bg4 12.Nd2 Bd7 13.f5 b5 14.Ne2 a5 15.Qh4 c4
16.fxg6 fxg6 17.dxc4 Qb6+ 18.Kh1 Qe3 19.Nf4 Nxe4 20.Nf3 Qc5 21.Nxg6 hxg6
22.Qxe4 Qxc4 23.Qe1 Rf7 24.Be3 Qxd5 25.Qxa5 Rbf8 26.Kg1 Bc6 27.Qe1 Rxf3  0-1

[Event "ch-PriFO A"]
[Site "Tolyatti RUS"]
[Date "2011.03.16"]
[Round "7.22"]
[White "Makhmutov,R"]
[Black "Terentyev,V"]
[Result "1-0"]
[WhiteElo "2224"]
[BlackElo "2082"]

1.e4 g6 2.d4 Bg7 3.Nc3 d6 4.f4 Nf6 5.Nf3 c5 6.dxc5 Qa5 7.Bd3 Qxc5 8.Qe2 Nc6
9.Be3 Qa5 10.O-O O-O 11.a3 Ng4 12.Bd2 Qc5+ 13.Kh1 Nd4 14.Nxd4 Bxd4 15.Nd5 a5
16.b4 axb4 17.Bxb4 Qa7 18.Nxe7+ Kg7 19.Nxc8 Rfxc8 20.Qxg4 Bxa1 21.Rxa1 Qd4
22.Rf1 Rd8 23.h3 Rac8 24.Qg5 d5 25.e5 f6 26.Qxf6+  1-0

[Event "1st Alpine Ski Open"]
[Site "Anzere SUI"]
[Date "2011.03.18"]
[Round "2.4"]
[White "Lampert,J"]
[Black "Spasov,V"]
[Result "0-1"]
[WhiteElo "2130"]
[BlackElo "2590"]

1.e4 d6 2.d4 g6 3.Nc3 Bg7 4.Be3 a6 5.h4 h5 6.f4 Nf6 7.Nf3 Ng4 8.Bg1 O-O 9.Qd2 e5
10.dxe5 dxe5 11.Bc5 Qxd2+ 12.Nxd2 Rd8 13.Nd5 Nc6 14.Nxc7 Rb8 15.Nd5 Be6 16.Bb6 Rd7
17.O-O-O Bxd5 18.exd5 Rxd5 19.Bc4 Rd7 20.Nf3 Rxd1+ 21.Rxd1 exf4 22.Bc7 Re8
23.Rd7 Re7 24.Rxe7 Nxe7 25.Bxf4 Bh6 26.Bxh6 Nxh6 27.Kd2 Kg7 28.b4 Nhf5 29.a4 Nd6
30.Bd3 Nd5 31.b5 axb5 32.axb5 b6 33.c4 Nf4 34.Ne5 Nxg2 35.Nd7 g5 36.Nxb6 gxh4
37.c5 h3 38.cxd6 h2 39.d7 h1=Q 40.d8=Q Qe1+ 41.Kc2 Qe3  0-1

[Event "e2e4 Uxbridge Open"]
[Site "Denham ENG"]
[Date "2011.03.19"]
[Round "2"]
[White "Zhou,Y"]
[Black "Kennedy,C"]
[Result "1-0"]
[WhiteElo "2323"]
[BlackElo "2012"]

1.e4 g6 2.d4 Bg7 3.Nc3 d6 4.Be3 Nc6 5.Qd2 e5 6.Nge2 Nf6 7.d5 Ne7 8.f3 Bd7
9.g4 c6 10.dxc6 Bxc6 11.g5 Nh5 12.O-O-O Nc8 13.Bh3 O-O 14.Bg4 Qa5 15.Bxh5 gxh5
16.Ng3 h4 17.Nh5 Rd8 18.Nf6+ Kh8 19.Qf2 Ne7 20.Qxh4 Bxf6 21.gxf6 Ng6 22.Qh6 Rg8
23.h4  1-0

[Event "5th Agzamov Mem"]
[Site "Tashkent UZB"]
[Date "2011.03.19"]
[Round "2"]
[White "Faizulaev,A"]
[Black "Petrosian,TL"]
[Result "0-1"]
[WhiteElo "2322"]
[BlackElo "2620"]

1.e4 g6 2.d4 Bg7 3.Nc3 d6 4.f4 Nf6 5.Nf3 O-O 6.Be3 b6 7.Qd2 Bb7 8.e5 Ng4
9.O-O-O Nc6 10.h3 Nxe3 11.Qxe3 e6 12.g4 f6 13.Bg2 fxe5 14.fxe5 Nb4 15.h4 h6
16.g5 h5 17.Ne4 Bxe4 18.Qxe4 Qe8 19.exd6 cxd6 20.Rhe1 Rc8 21.c3 Qa4 22.a3 Rxc3+
23.bxc3 Qxa3+ 24.Kb1 Qb3+ 25.Kc1 Qxc3+ 26.Kb1 Qb3+ 27.Kc1 Rc8+  0-1

[Event "1st Alpine Ski Open"]
[Site "Anzere SUI"]
[Date "2011.03.20"]
[Round "7.3"]
[White "Bozzali,E"]
[Black "Chatalbashev,B"]
[Result "0-1"]
[WhiteElo "2133"]
[BlackElo "2602"]

1.e4 g6 2.d4 Bg7 3.Nc3 d6 4.Be3 a6 5.Qd2 Nd7 6.Rd1 b5 7.f3 Bb7 8.h4 h5 9.Nh3 e6
10.g3 Ngf6 11.Bg2 O-O 12.O-O Qe7 13.Bg5 c5 14.dxc5 dxc5 15.Qd6 Qxd6 16.Rxd6 Ne5
17.b3 Nc6 18.Ne2 Rfd8 19.Rfd1 Rxd6 20.Rxd6 Kf8 21.Be3 Ke8 22.Ng5 Rc8 23.Bh3 Bf8
24.Rd2 c4 25.Kf2 c3 26.Rd3 b4 27.Nf4 Ne5 28.Rd1 Rc6 29.Bf1 Nfd7 30.Be2 Bc5
31.Nd3 Nxd3+ 32.Bxd3 Ke7 33.Be2 Nb6 34.Nh3 a5 35.Nf4 Bxe3+ 36.Kxe3 Rc7 37.Nd3 Ba6
38.Ne5 Bb7 39.f4 Nc8 40.Nc4 a4 41.Ne5 Nd6 42.Rd4 axb3 43.axb3 Bxe4 44.Rxe4 Nxe4
45.Kxe4 Kd6 46.Kd4 f6 47.Nd3 Rb7 48.Bf3 Rb8 49.Be4 Rg8 50.Nxb4 g5 51.fxg5 fxg5
52.Bf3 e5+ 53.Kxc3 gxh4 54.Nd3 hxg3 55.Ne1 h4 56.Bg2 Rf8 57.Kd3 Rf2 58.Ke3 Kc7
59.Bh3 Rh2 60.Bf1 Rh1 61.Ke2 h3 62.Bxh3 Rxh3 63.Kf3 Rh1 64.Ng2 Rc1 65.Kxg3 Rxc2
66.Kf3 Rb2 67.Ne3 Rxb3 68.Ke4 Kd6 69.Nc4+ Ke6 70.Ne3 Rb4+  0-1

[Event "ch-VIE Women"]
[Site "Da Lat VIE"]
[Date "2011.03.20"]
[Round "1.7"]
[White "Bui Kim Le"]
[Black "Doan,T"]
[Result "1-0"]
[WhiteElo "2143"]
[BlackElo "1891"]

1.e4 g6 2.d4 Bg7 3.Nc3 d6 4.Be3 Nf6 5.f3 O-O 6.Qd2 c6 7.O-O-O b5 8.Bh6 Qa5
9.g4 b4 10.Nb1 Ba6 11.h4 Qxa2 12.Bxa6 Nxa6 13.h5 e5 14.hxg6 fxg6 15.Bxg7 Kxg7
16.Qh6+ Kg8 17.g5 Nh5 18.Rxh5 gxh5 19.g6 hxg6 20.Qxg6+ Kh8 21.Qxh5+ Kg7 22.Qg5+ Kf7
23.dxe5 Rad8 24.b3 Nc5 25.Qf6+ Ke8 26.Qg6+ Rf7 27.e6 Nxe6 28.Qxe6+ Kf8 29.Rxd6 Rxd6
30.Qxd6+ Kg7 31.Qe5+ Kf8 32.f4 Qa6 33.Nd2 Qb6 34.Ngf3 Qe3 35.f5 Rh7 36.Qf6+ Kg8
37.Qxc6 Qc3 38.Qa8+ Kg7 39.Qxa7+ Kg8 40.Qb8+  1-0

[Event "e2e4 Uxbridge Open"]
[Site "Denham ENG"]
[Date "2011.03.20"]
[Round "4"]
[White "Player,E"]
[Black "Kennedy,C"]
[Result "1-0"]
[WhiteElo "2179"]
[BlackElo "2012"]

1.e4 g6 2.d4 d6 3.Nc3 Bg7 4.Be3 Nc6 5.Nf3 Bg4 6.Be2 e5 7.d5 Nce7 8.Nd2 Bd7
9.g4 f5 10.f3 f4 11.Bf2 g5 12.Bb5 h5 13.gxh5 Rxh5 14.Qe2 Ng6 15.O-O-O Nh4
16.Rdg1 Bf6 17.Nd1 a6 18.Bxd7+ Qxd7 19.Be1 Ne7 20.Nf2 c6 21.dxc6 Nxc6 22.Ng4 Be7
23.Bf2 Rc8 24.Nc4 Qe6 25.Nb6 Rd8 26.Nd5 Kf7 27.Rd1 Rhh8 28.Rd3 Rc8 29.Rhd1 Rhd8
30.Bb6 Rd7 31.h3 Ng6 32.Nh6+ Kf8 33.Nf5 Nh4 34.Nxh4 gxh4 35.Qg2 Bf6 36.Nxf6 Qxf6
37.Qg4 Ke7 38.Rxd6 Rxd6 39.Rxd6 Qxd6 40.Qxc8 Nd4 41.Bc5  1-0

[Event "TCh-SUI 2011"]
[Site "Switzerland SUI"]
[Date "2011.03.20"]
[Round "2.4"]
[White "Vuilleumier,A"]
[Black "Hort,V"]
[Result "1/2-1/2"]
[WhiteElo "2364"]
[BlackElo "2469"]

1.e4 d6 2.d4 g6 3.Nc3 Bg7 4.Bg5 a6 5.Qd2 Nd7 6.f4 b5 7.a4 b4 8.Nd5 a5 9.Nf3 Ngf6
10.Nxf6+ Nxf6 11.Bb5+ Bd7 12.Bd3 O-O 13.O-O d5 14.Bxf6 exf6 15.exd5 Bc8 16.c4 bxc3
17.bxc3 Qxd5 18.c4 Qd8 19.d5 Qd6 20.f5 Bd7 21.Bc2 Rfe8 22.Rad1 Qc5+ 23.Qd4 Bf8
24.Kh1 Ra6 25.Qh4 Rb6 26.Nd2 g5 27.Qh5 Qe3 28.Nf3 Rb2 29.Rde1 Qc3 30.Be4 Rxe4
31.Rxe4 Qc2 32.Rg4 Qxf5 33.Rg3 Bd6 34.Nd2 Qg6 35.Qxg6+ hxg6 36.Ne4 Bxg3 37.Nxf6+ Kg7
38.Nxd7 Bd6 39.c5 Be7 40.Rc1 Rb4 41.h3 Rxa4 42.d6 Bd8 43.Nb8 cxd6 44.c6 g4
45.hxg4 Rxg4 46.c7 Bxc7 47.Rxc7 a4 48.Ra7 Rc4 49.Kh2 g5 50.Nd7 Rb4 51.Ra6 a3
52.Nb6 f5 53.Nd5 Rb5 54.Nc7 Rb2 55.Ne8+ Kh7 56.Nxd6 f4 57.Ne4 g4 58.Nf6+ Kg6
59.Nxg4+ Kg5 60.Ne5 a2 61.Ra5 Re2 62.Nf3+ Kf6 63.Ra4 Ke7 64.Ra6 Kd7 65.Kh3 Kc7
66.Nh4 Kb7 67.Ra4 Rf2 68.Ng6 f3 69.g4 Rb2 70.Ne5 f2 71.Kg2 Rb1 72.Kxf2 a1=Q
73.Rxa1 Rxa1 74.g5  1/2-1/2

[Event "ch-VIE Men"]
[Site "Da Lat VIE"]
[Date "2011.03.21"]
[Round "3.7"]
[White "Nguyen Anh Dung"]
[Black "Nguyen,Minh Tuan"]
[Result "1-0"]
[WhiteElo "2479"]
[BlackElo "2115"]

1.e4 g6 2.d4 Bg7 3.Nc3 d6 4.Be3 Nf6 5.Qd2 Nc6 6.d5 Ne5 7.h3 c6 8.f4 Ned7
9.Nf3 cxd5 10.exd5 Qa5 11.Be2 O-O 12.O-O Nc5 13.Rab1 Na6 14.a3 Bd7 15.Rfe1 Qc7
16.Nd4 Nc5 17.Bf3 a6 18.b4 Na4 19.Nxa4 Bxa4 20.c4 b5 21.c5 dxc5 22.Nc6 cxb4
23.axb4 Rfe8 24.Bc5 Bf8 25.Rxe7 Bxe7 26.Nxe7+ Rxe7 27.d6 Qd7 28.Bxa8 Re8
29.Bf3 Ne4 30.Qd5 Nc3 31.Qc6 Qe6 32.Rc1 Rd8 33.Qc7 Rf8 34.d7  1-0

[Event "5th Agzamov Mem"]
[Site "Tashkent UZB"]
[Date "2011.03.21"]
[Round "4"]
[White "Kayumov,D"]
[Black "Mchedlishvili,M"]
[Result "0-1"]
[WhiteElo "2463"]
[BlackElo "2629"]

1.e4 d6 2.d4 g6 3.Nc3 Bg7 4.Bg5 a6 5.Qd2 b5 6.a4 b4 7.Nd1 Nd7 8.h4 c5 9.dxc5 Nxc5
10.f3 Nf6 11.Bh6 Bxh6 12.Qxh6 Qc7 13.Qd2 Bb7 14.Ne3 b3 15.Bc4 bxc2 16.b4 d5
17.exd5 Qe5 18.Ra3 Bxd5 19.Ne2 Bxc4 20.Nxc4 Qe6 21.Qxc2 Ncd7 22.Re3 Qc6 23.Qb3 O-O
24.O-O Nd5 25.Nd4 Qf6 26.Re4 Rab8 27.Ne5 Nxe5 28.Qxd5 Rfd8 29.Qxe5 Qxe5 30.Rxe5 Rxd4
31.Rb1 Rdxb4 32.Rxb4 Rxb4 33.Ra5 Rxh4 34.Rxa6 h5 35.Kf2 Rb4 36.g3 Kg7 37.f4 h4
38.Kg2 e6 39.Kh3 hxg3 40.Kxg3 Kf6 41.Ra5 Rb3+ 42.Kg4 Ra3 43.Ra7 Kg7 44.Kh4 Re3
45.Kg4 e5 46.fxe5 Rxe5 47.a5 Re4+ 48.Kg5 Rb4 49.a6 Ra4  0-1

[Event "5th Agzamov Mem"]
[Site "Tashkent UZB"]
[Date "2011.03.23"]
[Round "6"]
[White "Sukandar,I"]
[Black "Petrosian,TL"]
[Result "0-1"]
[WhiteElo "2354"]
[BlackElo "2620"]

1.e4 g6 2.d4 Bg7 3.Nc3 d6 4.h3 a6 5.Nf3 b5 6.Bd3 Bb7 7.Be3 Nf6 8.Qd2 b4 9.Ne2 Nxe4
10.Qxb4 Qc8 11.O-O O-O 12.c4 c5 13.Qb3 cxd4 14.Bxe4 Bxe4 15.Bxd4 e5 16.Ng3 Bc6
17.Bb6 Nd7 18.Ba5 Rb8 19.Qe3 f5 20.Qe2 e4 21.Nd2 Rxb2 22.Rfc1 Nc5 23.Rab1 Nd3
24.Rd1 Rxa2 25.Bb6 Qe6 26.Rb3 Ba4  0-1

[Event "Skopje Spring Open 2011"]
[Site "Skopje MKD"]
[Date "2011.03.24"]
[Round "6"]
[White "Hristovski,S"]
[Black "Gjorgjieski,D"]
[Result "1-0"]
[WhiteElo "2140"]
[BlackElo "2261"]

1.d4 d6 2.e4 g6 3.Nc3 Bg7 4.Be3 c6 5.h3 Nd7 6.g4 a6 7.Qd2 b5 8.Bg2 Qc7 9.Nge2 Nb6
10.b3 Bb7 11.Ng3 h6 12.Rc1 Nf6 13.Nce2 a5 14.c4 bxc4 15.bxc4 Ba6 16.c5 Nc4
17.cxd6 exd6 18.Qc2 O-O 19.Bf4 Rfb8 20.e5 dxe5 21.dxe5 Nxe5 22.O-O Nfd7 23.Rfd1 g5
24.Bxe5 Nxe5 25.Nf5 Rb2 26.Qxb2 Nf3+ 27.Bxf3 Bxb2 28.Rxc6 Qa7 29.Nxh6+ Kf8
30.Rcd6 Bxe2 31.Bxe2 Qc5 32.Rd7 Ra7 33.Rd8+ Kg7 34.Nf5+ Kf6 35.R8d6+ Ke5
36.Ne3 Bd4 37.R1xd4 Qxd4 38.Rxd4 Kxd4 39.a4 Rc7 40.Kg2 f6 41.Kg3 Ke4 42.Bf3+ Ke5
43.h4 gxh4+ 44.Kxh4 Rc5 45.Kg3 Rc3 46.Bd1 Rc1 47.Kf3 Rc5 48.Bc2 Rc3 49.Ke2 Rc5
50.Bd3 Kd4 51.Bb5 Rc7 52.Kf3 Rc3 53.Kf4 Rc5 54.Nc4 Kd5 55.Nxa5 Ke6 56.Nc4 Ke7
57.Ne3  1-0

[Event "5th Agzamov Mem"]
[Site "Tashkent UZB"]
[Date "2011.03.24"]
[Round "7"]
[White "Aitbayev,A"]
[Black "Tseshkovsky,V"]
[Result "1-0"]
[WhiteElo "2321"]
[BlackElo "2493"]

1.e4 g6 2.d4 Bg7 3.Nc3 d6 4.Be3 Nf6 5.Qd2 c6 6.Nf3 b5 7.Bd3 O-O 8.Bh6 Bg4
9.O-O-O b4 10.Ne2 d5 11.Bxg7 Kxg7 12.e5 Ne4 13.Bxe4 dxe4 14.Ng5 Qa5 15.Kb1 c5
16.f3 exf3 17.gxf3 Bc8 18.h4 Nc6 19.h5 b3 20.Qxa5 bxc2+ 21.Kxc2 Nxa5 22.h6+ Kg8
23.dxc5 Nc4 24.Kc3 Nxe5 25.Nd4 a5 26.Rhe1 f6 27.Rxe5 fxe5 28.Nc6 Bb7 29.Nxe7+ Kh8
30.c6 Bxc6 31.Nxc6 Rac8 32.Rd6 Rf5 33.Ne4 Rxf3+ 34.Kc4 Rh3 35.Kd5 Rh5 36.Nxe5 Rh1
37.Ra6 Rf8 38.Rxa5 Rh5 39.Nd6 g5 40.Ra4 Rh4 41.Ra7 Rh2 42.b4  1-0

[Event "1st Gaudeamus Cup"]
[Site "Bucharest ROU"]
[Date "2011.03.26"]
[Round "3"]
[White "Dragomir,N"]
[Black "Andronescu,M"]
[Result "0-1"]
[WhiteElo "2130"]
[BlackElo "2053"]

1.e4 g6 2.d4 Bg7 3.Nc3 d6 4.Nf3 Nc6 5.d5 Ne5 6.Nxe5 dxe5 7.Be3 a6 8.Qd2 Nf6
9.f3 e6 10.O-O-O exd5 11.exd5 O-O 12.Bg5 Qd7 13.Bh6 b5 14.h4 Bb7 15.h5 Rad8
16.Bxg7 Kxg7 17.Qg5 Qf5 18.Qxf5 gxf5 19.Bd3 f4 20.Ne4 Nxd5 21.h6+ Kh8 22.Ng5 Nf6
23.a4 bxa4 24.Bc4 Bd5 25.Bxd5 Rxd5 26.Rxd5 Nxd5 27.Rd1 Nb6 28.Nxf7+ Kg8 29.Nxe5 Re8
30.Nd7 Re2 31.Nxb6 cxb6 32.Rd4 b5 33.Rxf4 Rxg2 34.Kb1 Rg6 35.Rh4 Kf7 36.Ka2 Re6
37.Rd4 Re1 38.Rd3 Re2 39.Rd6 Re6 40.Rd7+ Kg6 41.c4 bxc4 42.Rc7 Kxh6 43.Rxc4 Kg5
44.Rg4+ Kf5 45.Rh4 Kg6 46.Rg4+ Kh5 47.Rxa4 Rf6 48.Kb1 Kg5 49.Rg4+ Kf5 50.Rh4 h6
51.Kc2 Rc6+ 52.Kd2 Rb6 53.Kc3 Kg6 54.Rg4+ Kh5 55.Rf4 Rb5 56.b3 a5 57.Kc2 Kg6
58.Rg4+ Kf6 59.Rh4 h5 60.f4 Kg6 61.Kc3 Kh6 62.Kc4 Rb4+ 63.Kc3 Kg6 64.Kc2 Rb8
65.Kc3 Rc8+ 66.Kb2 Rc5 67.Rh3 Rf5 68.Rh4 Kf6 69.Kc3 Ke6 70.Kd4 Rd5+ 71.Kc4 Kd6
72.Rh1 Kc6 73.Rf1 Rf5 74.Kd4 Kd6 75.Ke4 Ke6 76.Rc1 Rb5 77.Rc6+ Kf7 78.Rc7+ Kf6
79.Rc6+ Ke7 80.Ra6 Kf7 81.f5 h4 82.Kf4 h3 83.Kg5 Rxb3 84.Ra7+ Kg8 85.Ra8+ Kf7
86.Ra7+ Ke8 87.Ra8+ Kd7 88.Ra7+ Kc6 89.Rxa5 h2 90.Ra6+ Rb6 91.Ra1 Rb2 92.Kf6 Kd5
93.Kf7 Rf2 94.f6 Ke5 95.Ke7 Rxf6 96.Re1+ Kf5 97.Rf1+ Kg5 98.Rxf6 h1=Q 99.Rf7 Qd5
100.Rg7+ Kf5 101.Rf7+ Ke5 102.Kf8 Ke6 103.Kg8 Qh5 104.Rg7 Kf6 105.Rg1 Qd5+
106.Kh8 Qd8+ 107.Rg8 Qc7 108.Rg2 Qc8+  0-1

[Event "FIDE Zonal 3.5 w 2011"]
[Site "Tianjin CHN"]
[Date "2011.03.26"]
[Round "7"]
[White "Zhang Xiaowen"]
[Black "Tan Zhongyi"]
[Result "0-1"]
[WhiteElo "2344"]
[BlackElo "2428"]

1.e4 d6 2.d4 g6 3.Nc3 Bg7 4.Be3 c6 5.Qd2 Nf6 6.h3 O-O 7.Nf3 Nbd7 8.Bd3 e5
9.O-O Re8 10.a4 Qc7 11.dxe5 Nxe5 12.Nxe5 dxe5 13.a5 Be6 14.Na4 Nd7 15.b4 Bf8
16.Qc3 Rec8 17.Rfb1 b5 18.Nc5 Bxc5 19.Bxc5 a6 20.Rd1 f6 21.Be2 Nxc5 22.Qxc5 Qa7
23.Rd6 Qxc5 24.bxc5 Kf7 25.c3 Ke7 26.Rad1 Ra7 27.Bg4 f5 28.Bf3 Rd7 29.Rxd7+ Bxd7
30.Rd6 Be8 31.exf5 gxf5 32.g4 e4 33.Bg2 Bg6 34.gxf5 Bxf5 35.Kh2 Rg8 36.Bh1 Rg6
37.Rxg6 hxg6 38.f3 e3 39.Kg3 g5 40.Bg2 Bd3 41.Bh1 Kf6 42.Bg2 Ke5 43.Bh1 Bf1
44.f4+ gxf4+ 45.Kf3 Bc4  0-1

[Event "TCh-HUN 2010-11"]
[Site "Budapest HUN"]
[Date "2011.03.27"]
[Round "7"]
[White "Ilincic,Z"]
[Black "Hujbert,F"]
[Result "1-0"]
[WhiteElo "2447"]
[BlackElo "2395"]

1.d4 g6 2.e4 Bg7 3.Nc3 d6 4.h3 a6 5.a4 Nf6 6.Nf3 O-O 7.Be3 b6 8.Bc4 Nxe4
9.Bxf7+ Rxf7 10.Nxe4 h6 11.Qd2 Bb7 12.d5 e6 13.Bxh6 Bxd5 14.Bxg7 Bxe4 15.Ng5 Rxg7
16.Nxe4 Nd7 17.Ng5 Qf6 18.O-O Re8 19.Rae1 Nc5 20.b3 Rge7 21.a5 bxa5 22.Ne4 Qf5
23.Nxc5 Qxc5 24.Ra1 Qb4 25.Qd3 Kh7 26.Qxa6 Qe4 27.Ra2 Ra8 28.Qb5 Rf7 29.c4 Qf5
30.Qb7 Raf8 31.Qa6 Qd3 32.Qb5 Ra8 33.b4 a4 34.Qc6 Qb3 35.Raa1 Rb8 36.Rxa4 Rxb4
37.Rxb4 Qxb4 38.Qe8 Kg7 39.Qxe6 Qb2 40.Qe3 Rf5 41.Rd1 Re5 42.Qd4 Qe2 43.Rd3 Qe1+
44.Kh2 Qe2 45.f4 c5 46.Qc3  1-0

[Event "TCh-HUN 2010-11"]
[Site "Budapest HUN"]
[Date "2011.03.27"]
[Round "7"]
[White "Erdelyi,Z"]
[Black "Szabo,Zso3"]
[Result "1/2-1/2"]
[WhiteElo "2323"]
[BlackElo "2345"]

1.e4 d6 2.d4 g6 3.Nc3 Bg7 4.f4 Nf6 5.Nf3 c5 6.Bb5+ Bd7 7.Bxd7+ Nbxd7 8.d5 O-O
9.O-O a6 10.Qe1 Qc7 11.e5 dxe5 12.fxe5 Ng4 13.d6 exd6 14.Nd5 Qb8 15.e6 Nde5
16.e7 Re8 17.Ng5 c4 18.Qh4 h5 19.Ne4 f5 20.Nef6+ Nxf6 21.Nxf6+ Bxf6 22.Qxf6 b5
23.Bg5 Ra7 24.Qe6+ Kh7 25.Rae1 Raxe7 26.Bxe7 Qa7+ 27.Rf2 Qxe7 28.Qxe7+ Rxe7
29.Rd1 Re6 30.Rfd2 c3 31.bxc3 Nc4  1/2-1/2